| 000 | 01140nas a2200349 4500 | ||
|---|---|---|---|
| 001 | BR2017001737 | ||
| 003 | BR-BrBNA | ||
| 005 | 20231205131007.0 | ||
| 007 | ta | ||
| 008 | 230509b bl.|||p| |||| 00| 00por d | ||
| 040 |
_aBR-BrBNA _bpor _cBiblioteca Nacional de Agricultura |
||
| 041 | _a(En) | ||
| 072 | _aL10 | ||
| 100 | 1 | _aRaidan, F.S.S. | |
| 100 | 1 | _aTineo, J.S.A. | |
| 100 | 1 | _aMoraes, M.M. | |
| 100 | 1 | _aEscarce, T.C. | |
| 100 | 1 | _aAraújo, A.E.M. de | |
| 100 | 1 | _aGomes, M.M. de C. | |
| 100 | 1 | _aVentura, H.T. | |
| 100 | 1 | _aToral, F.L.B. | |
| 245 | 1 | _aAssociations among growth, scrotal circumference, and visual score of beef cattle in performance tests on pasture or in feedlots | |
| 650 | _aGADO DE CORTE | ||
| 650 | _aCONFINAMENTO | ||
| 650 | _aSELEÇÃO FENÓTIPA | ||
| 650 | _aHEREDITARIEDADE | ||
| 650 | _aPARÂMETRO GENÉTICO | ||
| 773 | 0 |
_tRevista Brasileira de Zootecnia (Brazil) _xISSN 1806-9290 _g(Apr 2017), v. 46(4) p. 309-316 _wBR2017001737 |
|
| 856 | 4 | 0 | _uhttp://www.scielo.br/pdf/rbz/v46n4/1806-9290-rbz-46-04-0309.pdf |
| 909 |
_a202311 _bLúcia _c55 _dLúcia Elande |
||
| 942 |
_2AGRIS _n0 _cANA |
||
| 999 |
_c252476 _d252476 |
||